• 首页
  • 本馆介绍
  • 公告通知
  • 最新文献
  • 馆藏检索
  • 电子资源
  • 读者导购
  • 参考咨询
  • 我的图书馆
  • 登录
  • 详细信息显示
  • 放入我的书架
  • 预约/预借图书
  • 作者相关作品
  • 分类相关作品
  • 丛书相关作品
  • 出版社相关作品

书目信息

  • 表格格式
  • 工作单格式
  • 卡片格式
题名:
中美科技巨头
    
 
作者: 田中道昭 著 ;李竺楠 , 蒋奇武 译
分册:  
出版信息: 杭州   浙江人民出版社  2019
页数: 239页
开本: 24cm
丛书名:
单 册:
中图分类: G322 , G327.12
科图分类:
主题词: 科学技术--ke xue ji shu--竞争战略--对比研究--中国--美国
电子资源:
ISBN: 978-7-213-09438-5
000 01082nam0 2200265 450
001 2157822693
005 20211113160034.08
010    @a978-7-213-09438-5@dCNY58.00
100    @a20190925d2019 em y0chiy50 ea
101 1  @achi@cjpn
102    @aCN@b330000
105    @aa z 000yy
200 1  @a中美科技巨头@Azhong mei ke ji ju tou@e从BATH×GAFA看中美高科技竞争@f(日) 田中道昭著@g李竺楠, 蒋奇武译
210    @a杭州@c浙江人民出版社@d2019
215    @a239页@c图@d24cm
330    @a本书共五章,内容包括:亚马逊VS阿里巴巴——经济圈之战;苹果VS华为——平台运营商与硬件制造商;脸书VS腾讯——SNS究竟是目的,还是手段;谷歌VS百度——人工智能的商业化应用;BATHXGAFA的综合分析与中美贸易摩擦。
517 1  @a从BATH×GAFA看中美高科技竞争@Acong BATH×GAFA kan zhong mei gao ke ji jing zheng
606 0  @a科学技术@Ake xue ji shu@x竞争战略@x对比研究@y中国@y美国
690    @aG322@v5
690    @aG327.12@v5
701  0 @a田中道昭@Atian zhong dao zhao@4著
702  0 @a李竺楠@Ali zhu nan@4译
702  0 @a蒋奇武@Ajiang qi wu@4译
801  0 @aCN@bBP@c20191016
905    @aZUCC@dG322@e6
    
    中美科技巨头:从BATH×GAFA看中美高科技竞争/(日) 田中道昭著/李竺楠, 蒋奇武译.-杭州:浙江人民出版社,2019
    239页:图;24cm
    
    
    ISBN 978-7-213-09438-5:CNY58.00
    本书共五章,内容包括:亚马逊VS阿里巴巴——经济圈之战;苹果VS华为——平台运营商与硬件制造商;脸书VS腾讯——SNS究竟是目的,还是手段;谷歌VS百度——人工智能的商业化应用;BATHXGAFA的综合分析与中美贸易摩擦。
●
相关链接 在五车中查询图书 在当当中查询图书 在豆瓣中查询图书


正题名:中美科技巨头     索取号:G322/6         预约/预借

序号 登录号 条形码 馆藏地/架位号 状态 备注
1 2000884243   2000884243   第二书库/ [索取号:G322/6] 在馆    
2 2000884244   2000884244   第二书库/ [索取号:G322/6] 在馆    
3 2000884245   2000884245   第二书库/ [索取号:G322/6] 在馆    
山东省滨州职业学院图书馆 欢迎您!
大连网信软件有限公司© 版权所有